LIBRARY & INFORMATION CENTRE, KCAET, TAVANUR

ONLINE PUBLIC ACCESS CATALOGUE (OPAC)

Engineering chemistry / (Record no. 13511)

MARC details
000 -LEADER
fixed length control field 00411cam a2200169ua 4500
041 ## - LANGUAGE CODE
Language code of text/sound track or separate title eng
082 ## - DEWEY DECIMAL CLASSIFICATION NUMBER
Classification number 540.0162
Item number MAL/EN
100 ## - MAIN ENTRY--AUTHOR NAME
Personal name mallick, Abhijit .
245 ## - TITLE STATEMENT
Title Engineering chemistry /
260 ## - PUBLICATION, DISTRIBUTION, ETC. (IMPRINT)
Place of publication New Delhi :
Name of publisher Viva Books ,
Year of publication 2008.
300 ## - PHYSICAL DESCRIPTION
Number of Pages ; .
942 ## - ADDED ENTRY ELEMENTS (KOHA)
Koha item type Books
Holdings
Withdrawn status Lost status Damaged status Home library Current library Date acquired Cost, normal purchase price Full call number Accession Number Koha item type
Withdrawn     KAUAET KAUAET 07/04/2012 495.00 540.0162 22188 Books
free website counter